书目信息 |
| 题名: |
斯多葛
|
|
| 作者: | 德莱塞 , 德莱塞, 著 ;石雅芳 译 | |
| 分册: | ||
| 出版信息: | 南京 译林出版社 2005 |
|
| 页数: | 397页 | |
| 开本: | 21cm | |
| 丛书名: | 译林现代经典 | |
| 单 册: | ||
| 中图分类: | I712.45 | |
| 科图分类: | ||
| 主题词: | 长篇小说--Chang Pian Xiao Shuo--美国--现代 | |
| 电子资源: | ||
| ISBN: | 7-80657-907-9 | |
| 000 | 00959nam 2200289 4500 | |
| 001 | 012005608046 | |
| 005 | 20061123152852.68 | |
| 010 | @a7-80657-907-9@b精装@dCNY 19.50 | |
| 100 | @a20060426d2005 ekmy0chiy0121 ea | |
| 101 | 1 | @achi@ceng |
| 102 | @aCN@b320000 | |
| 200 | 1 | @a斯多葛@ASi Duo Ge@d= The stoic@f(美国)德莱塞著@F(mei guo)de lai sai zhu@g石雅芳译@zeng |
| 210 | @a南京@c译林出版社@d2005 | |
| 215 | @a397页@d21cm | |
| 225 | 2 | @a译林现代经典@AYi Lin Xian Dai Jing Dian |
| 300 | @a并列题名:Stoic | |
| 306 | @a据Doubleday & Company,Inc1947年英文版译出 | |
| 410 | 0 | @12001 @a译林现代经典 |
| 510 | 1 | @aStoic@zeng |
| 606 | 0 | @a长篇小说@AChang Pian Xiao Shuo@y美国@z现代 |
| 690 | @aI712.45@v4 | |
| 701 | 0 | @a德莱塞@Ade lai sai@4著 |
| 701 | 1 | @a德莱塞,@ADe Lai Sai@bT.@g(Dreiser, Theodore),@f1871-1945@4著 |
| 702 | 0 | @a石雅芳@AShi Ya Fang@4译 |
| 801 | @aCN@c20061123 | |
| 905 | @a10447@dI712.45@eD216 | |
| 999 | @Ihnn@i20060516 09:45:12 | |
| 斯多葛= The stoic/(美国)德莱塞著/石雅芳译.-南京:译林出版社,2005 |
| 397页;21cm.-(译林现代经典) |
| 并列题名:Stoic |
| ISBN 7-80657-907-9(精装):CNY 19.50 |
| ● |
| 相关链接 |
|
|
|
正题名:斯多葛
索取号:I712.45/D216
 
预约/预借
| 序号 | 登录号 | 条形码 | 馆藏地/架位号 | 状态 | 备注 |
| 1 | 614883 | 206148836 | 文学库116/116文学库 26排4列3层/ [索取号:I712.45/D216] | 在馆 |